000 00588nam a22001817a 4500
008 160507b xxu||||| |||| 00| 0 eng d
020 _a971086419X
082 _22005
_aDFil 371.26
_bC13m
100 _97706
_aCalmorin, Laurentina P.
245 _aMeasurement and evaluation/
_cLaurentina P. Calmorin.
250 _aThird Edition
260 _aManila:
_bNational Book Store,
_cc2004.
300 _a328 pages;
_c21 cm.
500 _aIncludes bibliographical references and index.
650 0 _97707
_aEducational tests and measurements
365 _b265.00
_cPhp
942 _2ddc
_cDFIL
999 _c2350
_d2350